[Event "Let's Play Chess!"]
[Site "http://www.queenalice.com/game.php?id=1871020"]
[Date "2026.3.26"]
[Round "-"]
[White "Capixabba789"]
[Black "alow_proton"]
[Result "1/2-1/2"]
[WhiteElo "1874"]
[BlackElo "2046"]

1. d4 d5 2. Nc3 Nf6 3. f4 Bg4 4. Nf3 e6 5. e3 c5 6. Be2 Be7 7. O-O Bxf3 8. Bxf3
cxd4 9. exd4 Nc6 10. Ne2 O-O 11. c3 b5 12. Ng3 Qd7 13. Bd2 Bd6 14. a3 Na5 15. b4
Nc4 16. Nh5 Be7 17. Bc1 Ne4 18. Bxe4 dxe4 19. Qg4 g6 20. Re1 f5 21. Qg3 Kh8 22.
Qh3 gxh5 23. Qxh5 Bf6 24. Be3 Nxe3 25. Rxe3 Rg8 26. Rh3 Rg7 27. Qh6 Rg6 28. Qxg6
Qg7 29. Qxg7+ Bxg7 30. a4 bxa4 31. Rxa4 a6 32. b5 a5 33. b6 Rb8 34. Rxa5 Bf8 35.
Ra7 Rxb6 36. Raxh7+ Kg8 37. Rh8+ Kg7 38. R8h7+ Kg8 39. Rd7 Rc6 40. Rd8 Kg7 41.
Rg3+ Kf7 42. Ra8 Rc7 43. Ra1 Bd6 44. Re1 Bxf4 45. Rh3 Kg7 46. Kf1 Bd2 47. Re2 e3
48. Rexe3 Bxe3 49. Rxe3 Kf6 50. Ke2 Ra7 51. c4 Ra4 52. Kd3 Ra3+ 53. Ke2 Ra4 54.
Rc3 Ra2+ 55. Kf3 Kg5 56. h3 Rd2 57. d5 exd5 58. c5 Ra2 59. c6 Ra8 60. c7 Rc8 61.
Ke3 Kf6 62. Kd4 Ke6 63. g3 Kd6 64. Rc5 Rxc7 65. Rxd5+ Ke6 66. Re5+ Kf6 67. Re3
1/2-1/2

[Event "Let's Play Chess!"]
[Site "http://www.queenalice.com/game.php?id=1871228"]
[Date "2026.4.1"]
[Round "-"]
[White "alow_proton"]
[Black "Capixaba789"]
[Result "1-0"]
[WhiteElo "2033"]
[BlackElo "1815"]

1. e4 e5 2. f4 d5 3. exd5 exf4 4. Nf3 Qxd5 5. Nc3 Qd8 6. Bc4 Be7 7. O-O Nf6 8.
d4 O-O 9. Bxf4 c6 10. a3 Bg4 11. Be5 Bxf3 12. Rxf3 Nbd7 13. Bf4 Nb6 14. Bb3 Nfd5
15. Bd2 Bf6 16. Ne2 Re8 17. c4 Nc7 18. Bc3 Ne6 19. Rd3 Qc8 20. Qc2 h6 21. Rf1
Ng5 22. Ng3 Qb8 23. d5 Bxc3 24. Qxc3 cxd5 25. cxd5 Qd6 26. h4 Ne4 27. Nxe4 Rxe4
28. Rg3 g6 29. Rgf3 Rf8 30. Rf6 Qe5 31. Qxe5 Rxe5 32. d6 Nd7 33. Rxf7 Rxf7 34.
Bxf7+ Kg7 35. Bc4 Nf6 36. Rd1 b6 37. d7 Nxd7 38. Rxd7+ Kf8 39. Rxa7 Re4 40. b3
Rxh4 41. Rb7 1-0

[Event "Let's Play Chess!"]
[Site "http://www.queenalice.com/game.php?id=1871229"]
[Date "2026.4.1"]
[Round "-"]
[White "Capixaba789"]
[Black "alow_proton"]
[Result "0-1"]
[WhiteElo "1823"]
[BlackElo "2025"]

1. d4 d5 2. Nc3 Nf6 3. f4 e6 4. Nf3 c5 5. e3 c4 6. Be2 Nc6 7. O-O Be7 8. Qe1 a6
9. Ne5 O-O 10. Bd2 Nb4 11. Bd1 Nd7 12. a3 Nc6 13. Qg3 f6 14. Ng4 Qe8 15. f5 Bd6
16. Qxd6 exf5 17. Qxd5+ Kh8 18. Qxf5 Nde5 19. dxe5 Bxf5 20. Rxf5 fxe5 21. Rxf8+
Qxf8 22. Bf3 Qd6 23. Rd1 Qe6 24. Ne4 b6 25. Bc3 Rd8 26. Rxd8+ Nxd8 27. Nxe5 Kg8
28. Ng5 Qf5 29. Bd5+ Kf8 30. Ngf3 b5 31. Bb4+ Ke8 32. h3 h5 33. e4 Qf6 34. Bc3
g5 35. Nf7 Qe7 36. N7xg5 a5 37. Bxa5 Qa7+ 38. Kh1 Qxa5 39. Ne5 c3 40. bxc3 Qxc3
0-1

[Event "Let's Play Chess!"]
[Site "http://www.queenalice.com/game.php?id=1871304"]
[Date "2026.4.3"]
[Round "-"]
[White "alow_proton"]
[Black "Capixabba789"]
[Result "1/2-1/2"]
[WhiteElo "2040"]
[BlackElo "1915"]

1. e4 e5 2. f4 exf4 3. Nf3 Be7 4. Bc4 Bh4+ 5. Ke2 d5 6. Bxd5 Qe7 7. d3 c6 8. Bb3
Bg4 9. Bxf4 f5 10. e5 Nd7 11. g3 Bf6 12. Kf2 Bxe5 13. Re1 O-O-O 14. d4 Bxd4+ 15.
Kg2 Qc5 16. h3 Bxf3+ 17. Qxf3 Bxb2 18. Nd2 Bxa1 19. Rxa1 Ngf6 20. Be6 b6 21. c3
Kb7 22. Nc4 Nd5 23. Nd6+ Ka8 24. Nf7 Nxf4+ 25. gxf4 Nf6 26. Nxh8 Rxh8 27. Re1
Ne4 28. c4 Nd2 29. Qf2 Qxf2+ 30. Kxf2 Ne4+ 31. Ke3 g6 32. Bd7 Kb7 33. Rd1 c5 34.
Be6 a5 35. Rd7+ Kc6 36. Rd3 Nd6 37. Bd5+ Kc7 38. Kf3 Re8 39. Re3 Rxe3+ 40. Kxe3
h6 1/2-1/2

[Event "Let's Play Chess!"]
[Site "http://www.queenalice.com/game.php?id=1871305"]
[Date "2026.4.3"]
[Round "-"]
[White "Capixabba789"]
[Black "alow_proton"]
[Result "0-1"]
[WhiteElo "1892"]
[BlackElo "2060"]

1. d4 d5 2. Nc3 Nf6 3. f4 e6 4. Nf3 c5 5. e3 a6 6. Be2 Be7 7. O-O Nc6 8. Bd2 b5
9. Ne5 Qc7 10. Bf3 O-O 11. Ne2 cxd4 12. exd4 Nd7 13. c3 f6 14. Nd3 Bb7 15. Ng3
Qd6 16. Kh1 e5 17. fxe5 fxe5 18. Nxe5 Ncxe5 19. dxe5 Qxe5 20. Re1 Qf6 21. Be3
Qc6 22. Bd4 Bc5 23. Qc2 Bxd4 24. Rad1 Qc7 25. Rxd4 Nf6 26. Rh4 g6 27. Rd4 Rae8
28. Qc1 Re5 29. Rxe5 Qxe5 30. Ne2 Ne4 31. Qf1 Ng5 32. Ng3 Nxf3 33. gxf3 Qe3 34.
Kg2 Kg7 35. Qf2 Re8 36. h4 h5 37. Rd2 Qf4 38. Re2 Rxe2 39. Qxe2 Qxh4 40. Qe5+
Qf6 41. Qc7+ Qf7 42. Qe5+ Kh7 43. Qe3 Qf6 44. a3 h4 45. Ne2 Kg7 46. Qd4 Qxd4 47.
Nxd4 Kf6 48. Nb3 Ke5 49. Kh3 g5 50. Nd2 Kf4 51. Kg2 Ke3 52. Nb3 Bc8 53. Nd4 Bd7
54. Nc2+ Kd3 55. Nb4+ Kd2 56. Nxd5 Bc6 57. Nb4 Bb7 0-1

[Event "Let's Play Chess!"]
[Site "http://www.queenalice.com/game.php?id=1871357"]
[Date "2026.4.6"]
[Round "-"]
[White "Capixabba789"]
[Black "alow_proton"]
[Result "1/2-1/2"]
[WhiteElo "1952"]
[BlackElo "2075"]

1. d4 d5 2. Nc3 Nf6 3. f4 e6 4. Nf3 c5 5. e3 a6 6. Bd3 c4 7. Be2 Nc6 8. O-O Be7
9. Ne5 O-O 10. Bf3 Qc7 11. Ne2 Nd7 12. c3 f6 13. Ng4 b5 14. Ng3 f5 15. Ne5 Nf6
16. Nh5 Kh8 17. Qe1 Nxe5 18. fxe5 Nxh5 19. Bxh5 g5 20. Be2 Bd8 21. Bd2 Qg7 22.
b4 Ra7 23. a4 g4 24. a5 Bg5 25. Qf2 Raf7 26. Rad1 Kg8 27. Kh1 h5 28. Bc1 Qh6 29.
Rde1 h4 30. Rd1 g3 31. Qf3 Rh7 32. h3 Bd7 33. Rde1 Be8 34. Bd1 Qg7 35. Qe2 Bh5
36. Qc2 Bxd1 37. Qxd1 Qh6 38. Qf3 Rhf7 39. Qe2 Qg6 40. Rf3 Kg7 41. Ref1 Qh5 42.
Qe1 Qh6 43. Qe2 Rg8 44. Qe1 Kf8 45. Qe2 Ke7 46. Bd2 Rgf8 47. Bc1 f4 48. e4 Qg6
49. exd5 exd5 50. Re1 Qe6 51. Bd2 Rh8 52. Bc1 Rh6 53. Ref1 Kd7 54. Bd2 Rh8 55.
Bxf4 Bxf4 56. Rxf4 Rxf4 57. Rxf4 Rh6 58. Qg4 Qxg4 59. Rxg4 Ke6 60. Rf4 Ke7 61.
Kg1 Rh7 62. Rf6 Rf7 63. Rxa6 Rf2 64. Ra7+ Ke6 65. Ra6+ Ke7 66. Ra7+ Ke6 67. Ra6+
Ke7 1/2-1/2

[Event "Let's Play Chess!"]
[Site "http://www.queenalice.com/game.php?id=1871428"]
[Date "2026.4.6"]
[Round "-"]
[White "alow_proton"]
[Black "Capixabba789"]
[Result "1-0"]
[WhiteElo "2043"]
[BlackElo "1895"]

1. e4 e5 2. f4 d5 3. exd5 exf4 4. Nf3 Qxd5 5. d4 c6 6. Qe2+ Be6 7. Bxf4 Nf6 8.
c4 Bb4+ 9. Nc3 Qe4 10. Qxe4 Nxe4 11. Bd2 Nxd2 12. Nxd2 O-O 13. O-O-O Na6 14.
Nde4 f5 15. Ng5 Bd7 16. Bd3 Bxc3 17. bxc3 Rae8 18. Rhf1 h6 19. Nf3 Re3 20. Kd2
f4 21. Ne5 Be6 22. g3 Bh3 23. Rxf4 Rxf4 24. gxf4 Rxd3+ 25. Kxd3 Nc7 26. Rg1 Ne6
27. Ke4 Kh7 28. Rg6 Bf1 29. Rxe6 1-0

[Event "Let's Play Chess!"]
[Site "http://www.queenalice.com/game.php?id=1871567"]
[Date "2026.4.7"]
[Round "-"]
[White "alow_proton"]
[Black "Capixaba789"]
[Result "1-0"]
[WhiteElo "2053"]
[BlackElo "1820"]

1. e4 e5 2. f4 exf4 3. Nf3 Be7 4. Bc4 d5 5. Bxd5 c6 6. Bb3 Bh4+ 7. Kf1 Bf6 8. d4
Bg4 9. c3 g5 10. Qd3 Ne7 11. e5 Bg7 12. Nxg5 Bf5 13. Bxf7+ Kf8 14. Ne6+ Bxe6 15.
Bxe6 Nd7 16. Qf3 Ng6 17. Bxf4 Nxf4 18. Qxf4+ Nf6 19. exf6 Qxf6 20. Qxf6+ Bxf6
21. Nd2 Re8 22. Bb3 h5 23. Re1 Rxe1+ 24. Kxe1 Kg7 25. Nf3 Re8+ 26. Kf2 b5 27.
Re1 Rd8 28. Re6 1-0

[Event "Let's Play Chess!"]
[Site "http://www.queenalice.com/game.php?id=1871568"]
[Date "2026.4.7"]
[Round "-"]
[White "Capixaba789"]
[Black "alow_proton"]
[Result "0-1"]
[WhiteElo "1816"]
[BlackElo "2069"]

1. d4 d5 2. Nc3 Nf6 3. f4 e6 4. Nf3 c5 5. e3 a6 6. Bd3 c4 7. Be2 Qc7 8. O-O Be7
9. Qe1 b5 10. Ne5 O-O 11. Qg3 Ne8 12. Bf3 f6 13. Ng4 Bb7 14. Bd2 Nc6 15. Ne2 Nb4
16. Bxb4 Bxb4 17. c3 Bd6 18. Kh1 e5 19. Nh6+ Kh8 20. Nf5 e4 21. Nxd6 Qxd6 22.
Bg4 f5 23. Bh3 Bc8 24. Qf2 Qf6 25. Ng3 g6 26. a3 a5 27. Ne2 Bd7 28. g3 a4 29.
Rg1 h5 30. Rad1 Nd6 31. Rge1 Nf7 32. Bg2 Nh6 33. Ng1 Kg7 34. Nh3 Nf7 35. Qe2 Rh8
36. Rf1 h4 37. Qf2 Rh5 38. gxh4 Rxh4 39. Ng5 Rah8 40. h3 Nxg5 41. fxg5 Qxg5 42.
Qg3 Qxg3 0-1

[Event "Let's Play Chess!"]
[Site "http://www.queenalice.com/game.php?id=1871569"]
[Date "2026.4.10"]
[Round "-"]
[White "alow_proton"]
[Black "Capixabba789"]
[Result "1-0"]
[WhiteElo "2070"]
[BlackElo "1957"]

1. e4 e5 2. f4 exf4 3. Nf3 d5 4. exd5 Qxd5 5. Nc3 Qd8 6. d4 c6 7. Bxf4 Nf6 8.
Bc4 Be7 9. O-O O-O 10. a3 Bg4 11. Qd3 Nbd7 12. Ne5 Nxe5 13. Bxe5 Bh5 14. Ne2 Bg6
15. Qd2 Ne4 16. Qd1 Kh8 17. Ng3 Nxg3 18. Bxg3 f5 19. Be5 b5 20. Bb3 a5 21. c3 a4
22. Bc2 Bd6 23. Bxd6 Qxd6 24. Qf3 Rae8 25. Rae1 Rxe1 26. Rxe1 h6 27. Re5 Qd8 28.
Qxc6 Be8 29. Qf3 Bd7 30. Bd3 Qg5 31. Qf2 Qc1+ 32. Bf1 f4 33. h4 f3 34. gxf3 Bh3
35. Re1 Qf4 36. Re3 Bxf1 37. Kxf1 Qf5 38. Kg2 Rf6 39. Re8+ Kh7 40. Re4 Rg6+ 41.
Kh2 Rf6 42. Re3 Qf4+ 43. Qg3 Qf5 44. Re5 Qc2+ 45. Qg2 Qd3 46. Qe2 Qg6 47. Qe4
Qxe4 48. Rxe4 Rxf3 49. Kg2 Rd3 50. Re2 Rd1 51. Kf2 h5 52. Re1 1-0

[Event "Let's Play Chess!"]
[Site "http://www.queenalice.com/game.php?id=1871704"]
[Date "2026.4.10"]
[Round "-"]
[White "Capixabba789"]
[Black "alow_proton"]
[Result "1/2-1/2"]
[WhiteElo "1912"]
[BlackElo "2086"]

1. d4 d5 2. Nc3 Nf6 3. f4 e6 4. Nf3 c5 5. e3 a6 6. Bd3 c4 7. Be2 Nc6 8. O-O Be7
9. Ne5 O-O 10. Bf3 Qc7 11. Ne2 Ne8 12. Ng3 f6 13. Ng4 Rb8 14. c3 b5 15. Bd2 f5
16. Ne5 Nf6 17. a3 Na5 18. b4 Nb3 19. Rb1 Nxd2 20. Qxd2 Ne4 21. Nxe4 fxe4 22.
Bg4 Bd6 23. Qf2 Bxe5 24. dxe5 Qe7 25. Qg3 Bd7 26. Rf2 Rf7 27. Rbf1 Rbf8 28. Qh3
g6 29. Qh6 Kh8 30. g3 Rg8 31. Rg2 g5 32. Bh5 Rf5 33. Bg4 Rf7 34. Bh5 Rf5 35. Bg4
Rg6 36. Qh3 Rf8 37. f5 exf5 38. Bxf5 Bxf5 39. Rxf5 Rxf5 40. Qxf5 Re6 41. Rf2 Kg7
42. Qg4 Kg6 43. Rf5 Rxe5 44. Rxe5 Qxe5 45. Qc8 Qf6 46. Qe8+ Kh6 47. g4 Kg7 48.
Qd7+ Qf7 49. Qd6 Qf3 50. Qe7+ Kg6 51. Qe8+ Kg7 52. Qe5+ Kg6 53. Qe6+ Kg7 54.
Qe7+ Kg6 55. Qe8+ Kg7 56. Qe5+ Kg6 57. Qe6+ Kg7 58. Qe7+ 1/2-1/2

[Event "Let's Play Chess!"]
[Site "http://www.queenalice.com/game.php?id=1871762"]
[Date "2026.4.10"]
[Round "-"]
[White "alow_proton"]
[Black "Mlintz"]
[Result "1/2-1/2"]
[WhiteElo "2071"]
[BlackElo "1888"]

1. e4 e5 2. f4 Bc5 3. Nf3 d6 4. Bc4 Be6 5. Bxe6 fxe6 6. d3 Nf6 7. fxe5 Nfd7 8.
exd6 cxd6 9. d4 Bb6 10. O-O O-O 11. Bg5 Qe8 12. Kh1 Rf7 13. Nbd2 Nc6 14. c3 Qf8
15. Nc4 Bc7 16. Bh4 h6 17. Bg3 Rd8 18. d5 exd5 19. Qxd5 Nf6 20. Qb5 Nxe4 21.
Qxb7 Nxg3+ 22. hxg3 Qe8 23. Rfe1 Qd7 24. Rad1 Rxf3 25. gxf3 Qh3+ 26. Kg1 Qxg3+
27. Kf1 Qxf3+ 28. Kg1 Qg3+ 29. Kh1 Qf3+ 30. Kg1 Qg3+ 31. Kh1 Qh3+ 1/2-1/2

[Event "Let's Play Chess!"]
[Site "http://www.queenalice.com/game.php?id=1871763"]
[Date "2026.4.10"]
[Round "-"]
[White "Mlintz"]
[Black "alow_proton"]
[Result "0-1"]
[WhiteElo "1908"]
[BlackElo "2080"]

1. e4 c5 2. c3 d6 3. c4 Nf6 4. Nc3 Bg4 5. f3 Bd7 6. d4 cxd4 7. Qxd4 Nc6 8. Qd1
e6 9. Nge2 Be7 10. Ng3 a6 11. Be3 b6 12. a4 Nb4 13. Be2 O-O 14. O-O Bc6 15. Na2
Nxa2 16. Rxa2 a5 17. Ra1 Qc7 18. Qc2 Rfc8 19. b3 d5 20. exd5 exd5 21. Bf2 Bb7
22. Rac1 dxc4 23. bxc4 Bc5 24. Bd3 g6 25. Ne4 Nxe4 26. Bxe4 Bxe4 27. Qxe4 Bxf2+
28. Rxf2 Qc5 29. Qc2 Rc6 30. Kh1 Rac8 31. Re2 Qb4 32. Re4 Qd6 33. Qc3 Rd8 34. h3
Rc5 35. Rce1 Rf8 36. Re8 Rc8 37. Rxf8+ Rxf8 38. Qc2 Qb4 39. Rb1 Qc5 40. Rb5 Qc6
41. Qb3 Re8 42. Qc3 Rc8 43. Qd4 Qxc4 44. Qxb6 Qxa4 45. Rb1 Qa3 46. Qf6 Rc1+ 47.
Rxc1 Qxc1+ 48. Kh2 Qc5 49. g4 a4 50. g5 a3 51. h4 a2 52. h5 gxh5 53. Qd8+ Qf8
54. Qa5 Qb8+ 55. Kh3 Qb2 56. g6 hxg6 0-1

[Event "Challenge"]
[Site "http://www.queenalice.com/game.php?id=1871795"]
[Date "2026.4.11"]
[Round "-"]
[White "jogo"]
[Black "alow_proton"]
[Result "0-1"]
[WhiteElo "1449"]
[BlackElo "2074"]

1. e4 c5 2. Nf3 d6 3. c3 Nf6 4. Bb5+ Bd7 5. Bxd7+ Nbxd7 6. Qc2 e5 7. d4 cxd4 8.
cxd4 exd4 9. Nxd4 Nc5 10. Nc3 Be7 11. f3 a6 12. b4 Ncd7 13. g4 h6 0-1

[Event "Let's Play Chess!"]
[Site "http://www.queenalice.com/game.php?id=1871864"]
[Date "2026.4.13"]
[Round "-"]
[White "knightsdefence"]
[Black "alow_proton"]
[Result "1-0"]
[WhiteElo "2158"]
[BlackElo "2089"]

1. e4 c5 2. d4 cxd4 3. c3 dxc3 4. Nxc3 e5 5. Bc4 Bb4 6. Bxf7+ Kxf7 7. Qb3+ d5 8.
Qxb4 Nc6 9. Qb3 Nd4 10. Qd1 Nf6 11. Nf3 Nxf3+ 12. Qxf3 Rf8 13. Nxd5 Kg8 14. Bg5
Qa5+ 15. b4 Qa6 16. Nc7 Qc6 17. Rc1 Qd6 18. Nxa8 Bg4 19. Qc3 Rxa8 20. Bxf6 gxf6
21. O-O Kg7 22. Qg3 h5 23. h3 Qd7 24. Rfd1 Qe6 25. hxg4 hxg4 26. Rc7+ Kg6 27.
Rdd7 f5 28. Rg7+ Kh5 29. Qh2# 1-0

[Event "Let's Play Chess!"]
[Site "http://www.queenalice.com/game.php?id=1871896"]
[Date "2026.4.15"]
[Round "-"]
[White "alow_proton"]
[Black "Capixabba789"]
[Result "0-1"]
[WhiteElo "2064"]
[BlackElo "1961"]

1. e4 e5 2. f4 d5 3. exd5 exf4 4. Nf3 Be7 5. Bc4 Bh4+ 6. Kf1 Be7 7. Bb3 Bd6 8.
Kf2 Nf6 9. Re1+ Kf8 10. d3 Bf5 11. Nc3 Nbd7 12. Ne4 Ne5 13. Bxf4 Neg4+ 14. Kg1
Bxf4 15. Nxf6 Qxf6 16. Rb1 Be3+ 17. Kf1 Nxh2+ 18. Ke2 Nxf3 19. gxf3 Re8 20. Ba4
Re7 21. Rh1 Bd4+ 22. Kf1 g6 23. c3 Bb6 24. d4 Bxb1 25. Qxb1 Qxf3+ 26. Kg1 Re2
27. Qf1 Qg3+ 0-1

[Event "Let's Play Chess!"]
[Site "http://www.queenalice.com/game.php?id=1871897"]
[Date "2026.4.15"]
[Round "-"]
[White "Capixabba789"]
[Black "alow_proton"]
[Result "0-1"]
[WhiteElo "1936"]
[BlackElo "2065"]

1. d4 d5 2. Nc3 Nf6 3. f4 e6 4. Nf3 c5 5. e3 a6 6. Be2 Nc6 7. O-O Bd6 8. Ne5 O-O
9. Bf3 cxd4 10. exd4 Qc7 11. Ne2 Ne8 12. Ng3 f6 13. Nxc6 bxc6 14. c3 Bxf4 15.
Bxf4 Qxf4 16. Kh1 Qc7 17. Qd3 Nd6 18. a3 a5 19. a4 Ba6 20. Qe3 Bxf1 21. Rxf1
Rab8 22. Qxe6+ Kh8 23. h3 Rxb2 24. Nh5 Rbb8 25. Nf4 Rbe8 26. Qg4 f5 27. Qh4 Kg8
28. Qg3 Ne4 29. Bxe4 fxe4 30. Qg4 Qf7 31. g3 e3 32. Re1 Qf5 33. Qe2 g5 34. Nd3
Qxh3+ 35. Qh2 Rf1+ 36. Rxf1 Qxf1+ 37. Qg1 Qxd3 0-1

[Event "Let's Play Chess!"]
[Site "http://www.queenalice.com/game.php?id=1871954"]
[Date "2026.4.17"]
[Round "-"]
[White "alow_proton"]
[Black "Capixabba789"]
[Result "0-1"]
[WhiteElo "2076"]
[BlackElo "1940"]

1. e4 Nf6 2. e5 Nd5 3. c4 Nf4 4. d4 Ng6 5. Nf3 e6 6. Bd3 Be7 7. Bxg6 hxg6 8. O-O
d5 9. c5 c6 10. Nc3 Na6 11. a3 Bd7 12. b4 Nc7 13. a4 Bh4 14. g3 Be7 15. Kg2 a6
16. Qe2 Qb8 17. Be3 Qa7 18. a5 O-O-O 19. Na4 Kb8 20. Nb6 Nb5 21. Qd2 f5 22. Bg5
Bxg5 23. Nxg5 Rhf8 24. Nxd7+ Rxd7 25. Nxe6 Rh8 26. Ng5 Kc7 27. Ne6+ Kb8 28. Qg5
Ka8 29. Qxg6 Nc3 30. Qxf5 Ne4 31. Nf4 g5 32. Qxd7 gxf4 33. gxf4 Qb8 34. h3 Qg8+
35. Qg4 Qh7 36. Kh2 Rg8 37. Qe2 Rh8 38. Ra3 Qh4 39. Rf3 Qh5 40. Rg1 Nd2 41. Rg5
Qxf3 42. Qxf3 Nxf3+ 43. Kg3 Nxd4 44. f5 Rf8 45. f6 Ne6 46. Rg4 d4 47. f4 d3 48.
f5 d2 49. fxe6 d1=Q 50. e7 Qe1+ 51. Kf4 Qf2+ 52. Ke4 Re8 53. Rf4 Qc2+ 54. Kf3
Qc3+ 55. Ke4 Qxb4+ 56. Kf5 Qb1+ 57. Kg5 Rg8+ 58. Kh4 Qh7# 0-1

[Event "Let's Play Chess!"]
[Site "http://www.queenalice.com/game.php?id=1871955"]
[Date "2026.4.17"]
[Round "-"]
[White "Capixabba789"]
[Black "alow_proton"]
[Result "0-1"]
[WhiteElo "1961"]
[BlackElo "2044"]

1. d4 d5 2. e4 dxe4 3. f3 exf3 4. Nxf3 Nf6 5. Bd3 Bg4 6. O-O e6 7. Qe1 Be7 8. c3
O-O 9. Bf4 c5 10. Be5 Nd5 11. Nbd2 Nc6 12. Qg3 Nxe5 13. Nxe5 Bh5 14. Ne4 Nf6 15.
Nxc5 Bxc5 16. dxc5 Rc8 17. b4 a6 18. a4 Qd5 19. Rad1 Bxd1 20. Rxd1 Qb3 21. Qf3
Rcd8 22. a5 Nd5 23. c4 Nf6 24. Bxh7+ Kxh7 25. Rxd8 Rxd8 26. h3 Qxb4 27. Nxf7
Qxc5+ 28. Kh2 Qc7+ 29. Qg3 Qxf7 0-1

[Event "Let's Play Chess!"]
[Site "http://www.queenalice.com/game.php?id=1872196"]
[Date "2026.4.21"]
[Round "-"]
[White "Capixabba789"]
[Black "alow_proton"]
[Result "0-1"]
[WhiteElo "1946"]
[BlackElo "2067"]

1. d4 d5 2. e3 Nf6 3. Nc3 e6 4. Bd3 c5 5. dxc5 Bxc5 6. Nf3 a6 7. Bd2 Nc6 8. O-O
O-O 9. Ne2 b5 10. Ng3 e5 11. Be2 e4 12. Nd4 Bxd4 13. exd4 Nxd4 14. c3 Nxe2+ 15.
Qxe2 Re8 16. Be3 Qe7 17. Qd2 Be6 18. a3 Nd7 19. b4 Qd8 20. Bd4 f6 21. Rfe1 Nb6
22. Qe3 Nc4 23. Qf4 Rf8 24. Nf5 Qd7 25. Bc5 Bxf5 26. Bxf8 Rxf8 27. h3 Bg6 28.
Red1 Qc6 29. Rd4 Ne5 30. Rad1 Nd3 31. Qe3 f5 32. R1xd3 f4 33. Qe1 exd3 34. Qd2
Qe6 0-1

[Event "Let's Play Chess!"]
[Site "http://www.queenalice.com/game.php?id=1872267"]
[Date "2026.4.22"]
[Round "-"]
[White "Capixabba789"]
[Black "alow_proton"]
[Result "0-1"]
[WhiteElo "1958"]
[BlackElo "2055"]

1. d4 d5 2. Nc3 Nf6 3. f4 a6 4. Nf3 e6 5. e3 c5 6. Be2 Nc6 7. O-O c4 8. Ne5 Qc7
9. Bf3 Bb4 10. Bd2 O-O 11. Ne2 Ba5 12. c3 b5 13. Ng3 Ne8 14. b4 cxb3 15. axb3
Bb6 16. b4 f6 17. Ng4 Ne7 18. Kh1 Ng6 19. Qb3 Nd6 20. Bxd5 exd5 21. Qxd5+ Kh8
22. f5 Bb7 23. Qb3 Ne7 24. Rae1 Qd7 25. e4 Nc4 26. Ne3 Nxd2 0-1